ইংরেজ শাসন ও দেশব্যাপী অসন্তোষ : (Record no. 2773)
[ view plain ]
| 000 -LEADER | |
|---|---|
| fixed length control field | 01304nam a22002297a 4500 |
| 003 - CONTROL NUMBER IDENTIFIER | |
| control field | BD-DhJNU |
| 005 - DATE AND TIME OF LATEST TRANSACTION | |
| control field | 20260511030601.0 |
| 008 - FIXED-LENGTH DATA ELEMENTS--GENERAL INFORMATION | |
| fixed length control field | 260510b |||||||| |||| 00| 0 eng d |
| 020 ## - INTERNATIONAL STANDARD BOOK NUMBER | |
| International Standard Book Number | 9788197895920 |
| 040 ## - CATALOGING SOURCE | |
| Original cataloging agency | BD-DhJNU |
| Language of cataloging | BEN |
| Transcribing agency | BD-DhJNU |
| Modifying agency | BD-DhJNU |
| 082 ## - DEWEY DECIMAL CLASSIFICATION NUMBER | |
| Edition number | 23 |
| Classification number | 954.03 |
| 100 ## - MAIN ENTRY--PERSONAL NAME | |
| Personal name | গুহ, শ্রী রজনীকান্ত |
| 242 ## - TRANSLATION OF TITLE BY CATALOGING AGENCY | |
| Title | British rule and nationwide discontent : |
| Remainder of title | regarding the swadeshi movement / |
| Statement of responsibility, etc. | Shri Rajinikanth Guha |
| 245 ## - TITLE STATEMENT | |
| Title | ইংরেজ শাসন ও দেশব্যাপী অসন্তোষ : |
| Remainder of title | স্বদেশী আন্দোলন প্রসঙ্গে / |
| Statement of responsibility, etc. | শ্রী রজনীকান্ত গুহ |
| 260 ## - PUBLICATION, DISTRIBUTION, ETC. | |
| Place of publication, distribution, etc. | কলকাতা : |
| Name of publisher, distributor, etc. | পঞ্চালিকা প্রকাশনী, |
| Date of publication, distribution, etc. | 2024. |
| 300 ## - PHYSICAL DESCRIPTION | |
| Extent | ১৮৫ পৃ. : |
| Other physical details | চিত্র ; |
| Dimensions | ১৮ সেমি.। |
| 504 ## - BIBLIOGRAPHY, ETC. NOTE | |
| Bibliography, etc. note | গ্রন্থপঞ্জিগত নির্দেশিকা ও নিঘন্ট অন্তভূক্ত |
| 650 ## - SUBJECT ADDED ENTRY--TOPICAL TERM | |
| Topical term or geographic name entry element | Indian History -- British occupation |
| 650 ## - SUBJECT ADDED ENTRY--TOPICAL TERM | |
| Topical term or geographic name entry element | ভারত ইতিহাস -- ব্রিটিশ দখলদারিত্ব |
| 650 ## - SUBJECT ADDED ENTRY--TOPICAL TERM | |
| Topical term or geographic name entry element | ভারতের স্বাধীনতা আন্দোলন—১৯শ-২০শ শতাব্দী |
| 942 ## - ADDED ENTRY ELEMENTS (KOHA) | |
| Source of classification or shelving scheme | Dewey Decimal Classification |
| Koha item type | Books |
| Suppress in OPAC | No |
| Withdrawn status | Lost status | Source of classification or shelving scheme | Damaged status | Not for loan | Collection | Home library | Current library | Shelving location | Date acquired | Source of acquisition | Total checkouts | Full call number | Barcode | Date last seen | Copy number | Price effective from | Koha item type |
|---|---|---|---|---|---|---|---|---|---|---|---|---|---|---|---|---|---|
| Dewey Decimal Classification | Non-fiction | Jagannath University Central Library | Jagannath University Central Library | General stacks | 05/10/2026 | Purchase | 954.03 GUB | JNUCL36062 | 05/10/2026 | 1 | 05/10/2026 | Books |